Prophecy and progress : The sociology of industrial and post-industrial society
Takes a look at industrial society, past and present, in order to evaluate the claims about its possible future. The author begins with the industrial revolution itself, examining the ideas it inspired, and then moves on to post-industrial ideas.
Bewaard in:
| Hoofdauteur: | |
|---|---|
| Formaat: | Boek |
| Taal: | Undetermined |
| Gepubliceerd in: |
Harmondsworth
Penguin Books
1978
|
| Onderwerpen: | |
| Tags: |
Voeg label toe
Geen labels, Wees de eerste die dit record labelt!
|
| Thư viện lưu trữ: | Trung tâm Học liệu Trường Đại học Cần Thơ |
|---|
| LEADER | 00838nam a2200205Ia 4500 | ||
|---|---|---|---|
| 001 | CTU_227816 | ||
| 008 | 210402s9999 xx 000 0 und d | ||
| 082 | |a 301 | ||
| 082 | |b K96 | ||
| 100 | |a Kumar, Krishan | ||
| 245 | 0 | |a Prophecy and progress : | |
| 245 | 4 | |b The sociology of industrial and post-industrial society | |
| 260 | |a Harmondsworth | ||
| 260 | |b Penguin Books | ||
| 260 | |c 1978 | ||
| 520 | |a Takes a look at industrial society, past and present, in order to evaluate the claims about its possible future. The author begins with the industrial revolution itself, examining the ideas it inspired, and then moves on to post-industrial ideas. | ||
| 650 | |a Lịch sử xã hội,Social history | ||
| 650 | |y Thế kỷ 20,20th century | ||
| 910 | |b dqhieu | ||
| 980 | |a Trung tâm Học liệu Trường Đại học Cần Thơ | ||